Obra e inventos de Torres Quevedo / (Record no. 70402)

MARC details
000 -LEADER
campo de control de longitud fija 00798nam a2200229 i 4500
001 - NÚMERO DE CONTROL
campo de control 70402
003 - IDENTIFICADOR DE NÚMERO DE CONTROL
campo de control ES-MaACL
005 - FECHA Y HORA DE LA ÚLTIMA TRANSACCIÓN
campo de control 20231204175142.0
007 - CAMPO FIJO DE DESCRIPCIÓN FÍSICA--INFORMACIÓN GENERAL
campo de control de longitud fija t|
008 - DATOS DE LONGITUD FIJA--INFORMACIÓN GENERAL
campo de control de longitud fija 040723s1980 sp ||||1| spa d
100 1# - ENTRADA PRINCIPAL--NOMBRE DE PERSONA
Nombre de persona García Santesmases, José.
9 (RLIN) 55272
245 10 - MENCIÓN DEL TÍTULO
Título Obra e inventos de Torres Quevedo /
Mención de responsabilidad, etc. José García Santesmases ; prólogo de Alberto Dou Masdexexas.
260 ## - PUBLICACIÓN, DISTRIBUCIÓN, ETC.
Lugar de publicación, distribución, etc. Madrid :
Nombre del editor, distribuidor, etc. Instituto de España,
Fecha de publicación, distribución, etc. 1980.
300 ## - DESCRIPCIÓN FÍSICA
Extensión XIV, 367 p., 15 lám. :
Otras características físicas gráf., il. ;
Dimensiones 20 cm.
490 1# - MENCIÓN DE SERIE
Mención de serie Colección cultura y ciencia
600 14 - PUNTO DE ACCESO ADICIONAL DE MATERIA--NOMBRE DE PERSONA
Nombre de persona Torres Quevedo, Leonardo,
Fechas asociadas al nombre 1852-1936
9 (RLIN) 111002
700 1# - ENTRADA AGREGADA--NOMBRE PERSONAL
Nombre de persona Dou, Alberto.
9 (RLIN) 45470
710 2# - ENTRADA AGREGADA--NOMBRE DE ENTIDAD CORPORATIVA
Nombre de entidad corporativa o nombre de jurisdicción como elemento de entrada Instituto de España.
9 (RLIN) 4873
830 0# - PUNTO DE ACCESO ADICIONAL DE SERIE-TÍTULO UNIFORME
Título uniforme Colección cultura y ciencia
9 (RLIN) 186712
852 ## - LOCALIZACIÓN
Ubicación ES-MaACL
Número de control de estantería L-517
Holdings
Estatus retirado Estado de pérdida Estado de daño No para préstamo Biblioteca de origen Biblioteca actual Ubicación en estantería Fecha de adquisición Fuente de adquisición Total de préstamos Signatura topográfica completa Código de barras Visto por última vez Precio de reemplazo Tipo de ítem Koha
        Biblioteca del Ateneo de Madrid Biblioteca del Ateneo de Madrid Depósito 2 17/01/2008     L-517 1073721 23/02/2023 23/02/2023 Libro impreso